000 00347pab a2200145 454500
008 180718b1985 xxu||||| |||| 00| 0 eng d
100 _aGuba, Egon C
245 _aWhat can happen as a result of a policy?
260 _c1985
300 _a11-16
362 _aAug.
650 _aPublic Policy
773 _aPolicy Studies Review
909 _a16675
999 _c16675
_d16675